书目信息 |
| 题名: |
孙子兵法译注
|
|
| 作者: | 孙武 著 ;黄朴民 译注 | |
| 分册: | ||
| 出版信息: | 杭州 浙江文艺出版社 2023 |
|
| 页数: | 278页 | |
| 开本: | 21cm | |
| 丛书名: | 黄朴民·精解《孙子兵法》系列 澄心文化·人文中国 | |
| 单 册: | ||
| 中图分类: | E89 | |
| 科图分类: | ||
| 主题词: | 兵法--中国--春秋时代 | |
| 电子资源: | ||
| ISBN: | 978-7-5339-6940-0 | |
| 000 | 01162nam0 2200301 450 | |
| 001 | 012225882 | |
| 005 | 20240911082803.1 | |
| 010 | @a978-7-5339-6940-0@b精装@dCNY69.80 | |
| 100 | @a20230330d2023 em y0chiy0120 ea | |
| 101 | 0 | @achi |
| 102 | @aCN@b330000 | |
| 105 | @ay z 000yy | |
| 106 | @ar | |
| 200 | 1 | @a孙子兵法译注@9sun zi bing fa yi zhu@f孙子著@g黄朴民译注 |
| 210 | @a杭州@c浙江文艺出版社@d2023 | |
| 215 | @a278页@d21cm | |
| 225 | @a黄朴民·精解《孙子兵法》系列 澄心文化·人文中国 | |
| 300 | @a黄朴民·精解《孙子兵法》系列 澄心文化·人文中国 | |
| 330 | @a本书内容包括黄朴民老师对《孙子兵法》的题解、注释、翻译、札记和附录等。其中题解概括了各篇的中心思想,并分析了其内在的理论逻辑和基本特色;札记是黄朴民老师对《孙子兵法》的一些独到心得;附录则有郑友贤的《十家注孙子遗说并序》,《史记》孙子本传,以及历代名家评孙子。 | |
| 586 | @a | |
| 605 | @a《孙子兵法》@x译文 | |
| 605 | @a《孙子兵法》@x注释 | |
| 606 | 0 | @a兵法@y中国@z春秋时代 |
| 690 | @aE89@v5 | |
| 701 | 0 | @c(春秋)@a孙武@9sun wu@f(前545-前470)@4著 |
| 702 | 0 | @a黄朴民@9huang pu min@f(1958-)@4译注 |
| 801 | 0 | @aCN@c20240911 |
| 905 | @dE892.25@eH864-2@f1@sE892.25/H864-2@S@Z | |
| 孙子兵法译注/孙子著/黄朴民译注.-杭州:浙江文艺出版社,2023 |
| 278页;21cm.-(黄朴民·精解《孙子兵法》系列 澄心文化·人文中国) |
| 黄朴民·精解《孙子兵法》系列 澄心文化·人文中国 |
| ISBN 978-7-5339-6940-0(精装):CNY69.80 |
| 本书内容包括黄朴民老师对《孙子兵法》的题解、注释、翻译、札记和附录等。其中题解概括了各篇的中心思想,并分析了其内在的理论逻辑和基本特色;札记是黄朴民老师对《孙子兵法》的一些独到心得;附录则有郑友贤的《十家注孙子遗说并序》,《史记》孙子本传,以及历代名家评孙子。 |
| ● |
| 相关链接 |
|
|
|
正题名:孙子兵法译注
索取号:E892.25/H864-2
 
预约/预借
| 序号 | 登录号 | 条形码 | 馆藏地/架位号 | 状态 | 备注 |
| 1 | 21620987 | 216209877 | 社科库509/509社科库 123排2列6层/ [索取号:E892.25/H864-2] | 在馆 |